[Event "Hvar Arsenal op 3rd"]
[Site "Hvar"]
[Date "2024.10.14"]
[Round "1"]
[White "Sale, Srdjan"]
[Black "Stojkovic, Andreja"]
[Result "1-0"]
[WhiteElo "2257"]
[BlackElo "1895"]
[PlyCount "55"]
[EventDate "2024.10.14"]
[EventType "swiss"]
[EventRounds "9"]
[EventCountry "CRO"]
[SourceTitle "CB43_2024"]
[Source "Chessbase"]
[SourceDate "2024.10.23"]
[SourceVersion "1"]
[SourceVersionDate "2024.10.23"]
[SourceQuality "1"]

1. e4 c5 2. a3 Nc6 3. b4 cxb4 4. axb4 Nxb4 5. d4 d5 6. c3 Nc6 7. exd5 Qxd5 8. Na3 e5 9. Nb5 Kd8 10. Bg5+ f6 11. dxe5 Qxd1+ 12. Rxd1+ Ke7 13. exf6+ Nxf6 14. Bc4 Ne5 15. Bb3 Bd7 16. Nc7 Re8 17. Nxe8 Kxe8 18. Nf3 Nxf3+ 19. gxf3 Bc6 20. 0-0 Be7 21. Rfe1 Kf8 22. Rd3 h6 23. Bh4 g5 24. Bg3 Rh7 25. Re6 Nh5 26. Rg6 Rh8 27. Be5 Nf6 28. Bxf6 1-0

[Event "Marianske Lazne op 20th"]
[Site "Marianske Lazne"]
[Date "2022.01.18"]
[Round "4"]
[White "Stojkovic, Andreja"]
[Black "Balje, Jan"]
[Result "0-1"]
[WhiteElo "1925"]
[BlackElo "2198"]
[PlyCount "104"]
[EventDate "2022.01.15"]
[EventType "swiss"]
[EventRounds "9"]
[EventCountry "CZE"]
[SourceTitle "CBM 206 Extra"]
[Source "ChessBase"]
[SourceDate "2022.03.31"]
[SourceVersion "1"]
[SourceVersionDate "2022.03.31"]
[SourceQuality "1"]

1. e4 c5 2. Nf3 Nc6 3. d4 cxd4 4. Nxd4 Nf6 5. Nc3 d6 6. Be2 e5 7. Nf3 Be7 8. 0-0 0-0 9. h3 a6 10. Be3 b5 11. Bd3 Bb7 12. a3 Nb8 13. Qe2 Nbd7 14. Rad1 Qc7 15. Bg5 h6 16. Bxf6 Nxf6 17. Nh2 Rfe8 18. Ng4 Nd7 19. Ne3 Nb6 20. Nf5 Bf8 21. Rfe1 g6 22. Ne3 Bg7 23. Qg4 Kh7 24. Qg3 Rad8 25. Kh1 h5 26. Be2 Bh6 27. Rd3 Qc5 28. Qf3 Kg7 29. Qg3 Kh7 30. Qf3 f5 31. Nxf5 Rf8 32. g4 d5 33. exd5 gxf5 34. gxf5 Nxd5 35. Nxd5 Bxd5 36. Rxd5 Qxd5 37. Qxd5 Rxd5 38. Bd3 Kg7 39. Kg2 Kf6 40. Kf3 Rg8 41. a4 Rd4 42. axb5 axb5 43. Ra1 Rf4+ 44. Ke2 Rg2 45. Ra6+ Kg7 46. Ra7+ Kf8 47. Ra8+ Ke7 48. Ra7+ Kd8 49. Bxb5 e4 50. Rd7+ Kc8 51. Rd6 Rfxf2+ 52. Ke1 Bd2+ 0-1

[Event "Wch Seniors 65 29th"]
[Site "Bucharest"]
[Date "2019.11.20"]
[Round "8"]
[White "Stojkovic, Andreja"]
[Black "Parvulescu, Nicu"]
[Result "1-0"]
[WhiteElo "1951"]
[BlackElo "1630"]
[PlyCount "93"]
[EventDate "2019.11.12"]
[EventType "swiss"]
[EventRounds "11"]
[EventCountry "ROU"]
[SourceTitle "CBM 193 Extra"]
[Source "ChessBase"]
[SourceDate "2020.01.31"]
[SourceVersion "1"]
[SourceVersionDate "2020.01.31"]
[SourceQuality "1"]

1. e4 c5 2. Nc3 Nc6 3. f4 e6 4. Bb5 Qc7 5. Nf3 Qxf4 6. 0-0 Qd6 7. Bxc6 dxc6 8. e5 Qe7 9. Ne4 Qc7 10. d3 h6 11. Be3 b6 12. Qe2 f5 13. Ned2 Bd7 14. a4 g5 15. Nc4 Be7 16. d4 g4 17. Ne1 cxd4 18. Bxd4 c5 19. Nd6+ Kf8 20. Bc3 Rh7 21. Nc4 Ke8 22. Nd3 Rf7 23. Nf4 Qc6 24. b3 Rh7 25. Rad1 h5 26. Nd6+ Bxd6 27. Rxd6 Qc8 28. Rfd1 Qb7 29. Nxe6 Bxe6 30. Rxe6+ Re7 31. Rg6 Kf7 32. Rdd6 Qe4 33. Qxe4 fxe4 34. Kf2 Rae8 35. Rg5 Re6 36. Ke3 Rxd6 37. exd6 Ke6 38. Rg6+ Kd7 39. b4 cxb4 40. Bxb4 a5 41. Be1 Rc8 42. Bg3 Rf8 43. Be5 Rc8 44. Kxe4 Rxc2 45. Rxg8 Re2+ 46. Kd5 Rd2+ 47. Bd4 1-0

[Event "Ricany op-A"]
[Site "Ricany"]
[Date "2019.08.27"]
[Round "5"]
[White "Stojkovic, Andreja"]
[Black "Nemecek, Lukas"]
[Result "0-1"]
[WhiteElo "1968"]
[BlackElo "1778"]
[PlyCount "98"]
[EventDate "2019.08.24"]
[EventType "swiss"]
[EventRounds "9"]
[EventCountry "CZE"]
[SourceTitle "EXT 2020"]
[Source "ChessBase"]
[SourceDate "2019.10.17"]
[SourceVersion "1"]
[SourceVersionDate "2019.10.17"]
[SourceQuality "1"]

1. e4 c5 2. c3 g6 3. Nf3 Bg7 4. Bc4 d6 5. 0-0 Nc6 6. d3 e6 7. a4 Nge7 8. Re1 0-0 9. Bg5 h6 10. Bh4 e5 11. h3 Be6 12. Nbd2 Qd7 13. Bxe7 Qxe7 14. Nf1 Rae8 15. Ne3 Kh7 16. Nd5 Qd7 17. Re3 f5 18. a5 Bxd5 19. Bxd5 Ne7 20. Qb3 Nxd5 21. Qxd5 Qc6 22. c4 Qxd5 23. cxd5 Rb8 24. Nd2 b6 25. Nc4 b5 26. Nd2 a6 27. Nf3 Rfc8 28. Rc1 Bf6 29. g4 fxg4 30. hxg4 c4 31. Rc3 Bd8 32. Ra3 b4 33. Ra1 c3 34. Re2 c2 35. Ree1 b3 36. Rec1 Rb5 37. Nd2 Bg5 38. Nc4 Bxc1 39. Rxc1 Rxc4 40. dxc4 Rc5 41. Kf1 Rxc4 42. f3 Ra4 43. Ke2 Ra2 44. f4 exf4 45. e5 Rxa5 46. e6 Rxd5 47. Kf3 Re5 48. e7 g5 49. Kf2 Rxe7 0-1

[Event "Ricany op-A"]
[Site "Ricany"]
[Date "2019.08.25"]
[Round "2"]
[White "Stojkovic, Andreja"]
[Black "Paulovic, Milan"]
[Result "1/2-1/2"]
[WhiteElo "1968"]
[BlackElo "1788"]
[PlyCount "38"]
[EventDate "2019.08.24"]
[EventType "swiss"]
[EventRounds "9"]
[EventCountry "CZE"]
[SourceTitle "EXT 2020"]
[Source "ChessBase"]
[SourceDate "2019.10.17"]
[SourceVersion "1"]
[SourceVersionDate "2019.10.17"]
[SourceQuality "1"]

1. e4 c5 2. Nc3 Nc6 3. f4 d6 4. Nf3 Bg4 5. Be2 g6 6. 0-0 Bg7 7. h3 Bxf3 8. Bxf3 e5 9. d3 Nd4 10. Nd5 Ne7 11. Nxe7 Qxe7 12. c3 Nc6 13. f5 h5 14. Be3 0-0-0 15. a4 Bh6 16. Bxh6 Rxh6 17. a5 Rdh8 18. Qa4 Kc7 19. Qc4 g5 1/2-1/2

[Event "CRO Cup"]
[Site "Mali Losinj"]
[Date "2019.05.15"]
[Round "1.22"]
[White "Stevic, Hrvoje"]
[Black "Stojkovic, Andreja"]
[Result "1-0"]
[WhiteElo "2580"]
[BlackElo "1970"]
[PlyCount "76"]
[EventDate "2019.05.15"]
[EventType "team-swiss"]
[EventRounds "6"]
[EventCountry "CRO"]
[SourceTitle "CBM 190 Extra"]
[Source "ChessBase"]
[SourceDate "2019.07.15"]
[SourceVersion "1"]
[SourceVersionDate "2019.07.15"]
[SourceQuality "1"]
[WhiteTeam "Zagreb CC"]
[BlackTeam "Rijeka Junior"]
[WhiteTeamCountry "CRO"]
[BlackTeamCountry "CRO"]

1. e4 e5 2. Nf3 Nc6 3. Bc4 Nf6 4. d3 Bc5 5. c3 0-0 6. a4 a6 7. 0-0 d6 8. Bg5 h6 9. Bh4 Ba7 10. Re1 Bg4 11. h3 Be6 12. Na3 Na5 13. Ba2 Bxa2 14. Rxa2 Nc6 15. Nc2 Nb8 16. Ne3 Bxe3 17. Rxe3 Nbd7 18. d4 Qe7 19. b3 Rfe8 20. Rd2 Nf8 21. Bg3 Ng6 22. Nh4 Nxh4 23. Bxh4 g5 24. Bg3 Qe6 25. c4 Kg7 26. a5 Kg6 27. Bh2 Nh5 28. dxe5 dxe5 29. Red3 Nf4 30. Rd7 Rac8 31. Qf3 h5 32. Rd1 Re7 33. Rxe7 Qxe7 34. g3 Nxh3+ 35. Kg2 g4 36. Qf5+ Kg7 37. Qxc8 Ng5 38. Qd8 Qf6 1-0

[Event "Prague Golden op 13th"]
[Site "Prague"]
[Date "2017.07.08"]
[Round "8"]
[White "Stojkovic, Andreja"]
[Black "Fiser, Jiri1"]
[Result "0-1"]
[WhiteElo "1933"]
[BlackElo "1922"]
[PlyCount "160"]
[EventDate "2017.07.01"]
[EventType "swiss"]
[EventRounds "9"]
[EventCountry "CZE"]
[SourceTitle "EXT 2018"]
[Source "ChessBase"]
[SourceDate "2017.10.13"]
[SourceVersion "1"]
[SourceVersionDate "2017.10.13"]
[SourceQuality "1"]

1. e4 c5 2. Nf3 Nc6 3. d4 cxd4 4. Nxd4 e5 5. Nb5 d6 6. N1c3 a6 7. Na3 b5 8. Nd5 Nge7 9. Bg5 f6 10. Qh5+ Ng6 11. Be3 Rb8 12. Bd3 Be6 13. 0-0 Qd7 14. h3 Bf7 15. Qf3 Be7 16. c3 0-0 17. Rad1 Nh4 18. Qg3 Ng6 19. Qf3 Bd8 20. Bb1 Nce7 21. g4 Bxd5 22. exd5 f5 23. gxf5 Nxf5 24. Qg4 Rb7 25. Be4 Nfh4 26. Nc2 Nf4 27. Qxd7 Rxd7 28. Kh2 Rf6 29. Rg1 Rdf7 30. Rg4 Rh6 31. Nb4 a5 32. Nc6 Bc7 33. Rdg1 Nhg6 34. R1g3 Rh4 35. Bxg6 Nxg6 36. Rxh4 Nxh4 37. Rg4 Nf5 38. Ba7 g6 39. Kg2 Kg7 40. Re4 g5 41. Rg4 Kg6 42. Re4 h5 43. Re1 Nh4+ 44. Kf1 Rf3 45. Re3 Rf7 46. b3 Rf4 47. a3 Nf5 48. Rd3 e4 49. Rd2 Rf3 50. Nd4 Nxd4 51. Rxd4 Kf5 52. c4 Rxb3 53. cxb5 Rxb5 54. Rc4 Bd8 55. Rc8 Bf6 56. Rf8 Rxd5 57. Bb6 Kg6 58. Re8 Rb5 59. Be3 d5 60. Re6 Kf5 61. Rd6 Ke5 62. Rc6 d4 63. Bxd4+ Kxd4 64. Rxf6 h4 65. Rd6+ Rd5 66. Re6 Re5 67. Rc6 e3 68. Ke2 exf2+ 69. Kxf2 Re3 70. Rd6+ Kc5 71. Rc6+ Kxc6 72. Kxe3 Kb5 73. Kf3 Ka4 74. Kg4 Kxa3 75. Kxg5 Kb4 76. Kxh4 a4 77. Kg5 a3 78. h4 a2 79. h5 a1Q 80. h6 Qh8 0-1

[Event "CRO Cup"]
[Site "Mali Losinj"]
[Date "2017.05.11"]
[Round "3.7"]
[White "Raguz, Darko"]
[Black "Stojkovic, Andreja"]
[Result "1/2-1/2"]
[WhiteElo "2102"]
[BlackElo "1939"]
[PlyCount "61"]
[EventDate "2017.05.10"]
[EventType "team-swiss"]
[EventRounds "6"]
[EventCountry "CRO"]
[SourceTitle "CBM 178 Extra"]
[Source "ChessBase"]
[SourceDate "2017.06.22"]
[SourceVersion "1"]
[SourceVersionDate "2017.06.22"]
[SourceQuality "1"]
[WhiteTeam "Vukovar"]
[BlackTeam "Rijeka Junior"]
[WhiteTeamCountry "CRO"]
[BlackTeamCountry "CRO"]

1. e4 c5 2. Nf3 Nf6 3. Nc3 Nc6 4. d3 d6 5. g3 g6 6. Bg2 Bg7 7. 0-0 0-0 8. h3 Rb8 9. Be3 b5 10. Qd2 b4 11. Nd1 Qc7 12. Bh6 Ba6 13. Bxg7 Kxg7 14. Ne3 Rfd8 15. Nh2 Rh8 16. Neg4 h5 17. Ne3 Bb7 18. f4 Rbf8 19. Nf3 e6 20. Ng5 Qe7 21. Rae1 Nh7 22. Nxh7 Kxh7 23. f5 Qg5 24. Qf2 Nd4 25. c3 Nb5 26. cxb4 cxb4 27. h4 Qh6 28. Nc2 exf5 29. exf5 Bxg2 30. Kxg2 g5 31. Re4 1/2-1/2

[Event "CRO Cup"]
[Site "Mali Losinj"]
[Date "2017.05.10"]
[Round "1.6"]
[White "Bozinovic, Bogdan"]
[Black "Stojkovic, Andreja"]
[Result "1-0"]
[WhiteElo "2241"]
[BlackElo "1939"]
[PlyCount "117"]
[EventDate "2017.05.10"]
[EventType "team-swiss"]
[EventRounds "6"]
[EventCountry "CRO"]
[SourceTitle "CBM 178 Extra"]
[Source "ChessBase"]
[SourceDate "2017.06.22"]
[SourceVersion "1"]
[SourceVersionDate "2017.06.22"]
[SourceQuality "1"]
[WhiteTeam "Sesvete"]
[BlackTeam "Rijeka Junior"]
[WhiteTeamCountry "CRO"]
[BlackTeamCountry "CRO"]

1. d4 f5 2. Bg5 g6 3. Nc3 Bg7 4. e4 fxe4 5. Nxe4 d5 6. Ng3 Nf6 7. Nf3 Nbd7 8. Bd3 c5 9. c3 cxd4 10. cxd4 Qa5+ 11. Bd2 Qb6 12. Bc3 0-0 13. 0-0 Bh6 14. Re1 Re8 15. Re2 a6 16. Qe1 Qd8 17. Bb4 Kf7 18. Bd2 Bxd2 19. Qxd2 Nf8 20. Rae1 Qd6 21. h3 Kg7 22. Re5 Bd7 23. Qe3 e6 24. Ne2 Rac8 25. Nf4 Qb4 26. Ng5 Rc6 27. Re2 Qb6 28. Nf3 Qc7 29. Rg5 Rc1+ 30. Kh2 h6 31. Rg3 Bb5 32. Nxg6 Ng4+ 33. hxg4 Bxd3 34. Nxf8 Bxe2 35. Nxe6+ Rxe6 36. Qxe6 Bxf3 37. gxf3 Qc2 38. Qe5+ Kg6 39. Rg2 Qd1 40. Kg3 Rc4 41. Rh2 Qg1+ 42. Rg2 Qd1 43. Qf5+ Kg7 44. Qxd5 Qxd4 45. Qxd4+ Rxd4 46. f4 b5 47. f3 a5 48. Re2 a4 49. a3 Rd3 50. Re4 Rd2 51. Rb4 Rd5 52. f5 Kf6 53. Kf4 Re5 54. Re4 Rc5 55. Re6+ Kg7 56. Re5 Rc4+ 57. Kg3 b4 58. Re4 bxa3 59. bxa3 1-0

[Event "Prague Golden op 11th"]
[Site "Prague"]
[Date "2015.06.27"]
[Round "8"]
[White "Stojkovic, Andreja"]
[Black "Hollan, Petr"]
[Result "0-1"]
[WhiteElo "1888"]
[BlackElo "2034"]
[PlyCount "78"]
[EventDate "2015.06.21"]
[EventType "swiss"]
[EventRounds "9"]
[EventCountry "CZE"]
[SourceTitle "EXT 2017"]
[Source "ChessBase"]
[SourceDate "2016.10.25"]
[SourceVersion "1"]
[SourceVersionDate "2016.10.25"]
[SourceQuality "1"]

1. e4 c5 2. Nc3 e6 3. Nf3 d5 4. Bb5+ Nc6 5. exd5 exd5 6. Qe2+ Be7 7. d4 Nf6 8. Ne5 Bd7 9. Bxc6 bxc6 10. dxc5 0-0 11. 0-0 Bxc5 12. Nxd7 Qxd7 13. Bf4 Rfe8 14. Qd3 Re6 15. a3 Rae8 16. b4 Bf8 17. Rad1 Qb7 18. h3 Ne4 19. Be3 a6 20. Bd4 a5 21. bxa5 c5 22. a6 Qc6 23. Nxe4 dxe4 24. Qe2 cxd4 25. a7 Qa6 26. Qxa6 Rxa6 27. Rxd4 Rxa7 28. a4 Rc7 29. Re1 Rxc2 30. Rdxe4 Rxe4 31. Rxe4 g6 32. Re5 Bc5 33. Re8+ Kg7 34. Kf1 Rxf2+ 35. Ke1 Rxg2 36. Rc8 Rg5 37. h4 Bb4+ 38. Kf2 Ra5 39. Rb8 Rxa4 0-1

[Event "Prague Golden op 10th"]
[Site "Prague"]
[Date "2014.06.29"]
[Round "9"]
[White "Hollan, Martin"]
[Black "Stojkovic, Andreja"]
[Result "1-0"]
[WhiteElo "2055"]
[BlackElo "1985"]
[PlyCount "59"]
[EventDate "2014.06.22"]
[EventType "swiss"]
[EventRounds "9"]
[EventCountry "CZE"]
[SourceTitle "CBM 161 Extra"]
[Source "ChessBase"]
[SourceDate "2014.08.29"]
[SourceVersion "1"]
[SourceVersionDate "2014.08.29"]
[SourceQuality "1"]

1. e4 c5 2. Nf3 Nf6 3. e5 Nd5 4. c3 e6 5. d4 cxd4 6. cxd4 Bb4+ 7. Bd2 Qa5 8. Bc4 Nc6 9. 0-0 0-0 10. a3 Bxd2 11. Nbxd2 f5 12. Ba2 Nce7 13. Nc4 Qd8 14. Nd6 b6 15. Qa4 h6 16. Rac1 g5 17. Rc2 g4 18. Nh4 Kg7 19. Rfc1 b5 20. Qxb5 Nc6 21. Nhxf5+ exf5 22. Qxd5 Ba6 23. Bc4 Ne7 24. Qc5 Bxc4 25. Rxc4 Nc6 26. e6 Ne7 27. Qe5+ Kg6 28. exd7 Rf6 29. Ne8 Rb6 30. Qg7+ 1-0